000 00657nam a2200253Ia 4500
001 28793
005 20240114001105.0
007 ta
008 060617s1922 g b000 u 465 u
040 _aCotton College,Assam
041 _a465
082 _a312
_bC 839 P
100 _aCox, Harold .
245 0 _aThe Problem of Population /
_cHarold Cox.
_hTextual Documents
250 _a1st ed. /
260 _aLondon :
_bJonathan Cape ,
_c1922.
300 _a198p. ;
_c17cm.
653 _aStatistics-Population
653 _aDemography-Statistics
653 _aG-Statistics
942 _2ddc
_cBK
999 _c28775
_d28775